000 00358nam a2200133Ia 4500
008 220217s9999||||xx |||||||||||||| ||und||
020 _a9780750682763
082 _a004.165 DAV
100 _aDavies, John H
_97560
245 0 _aMSP430 Microcontroller Basic
260 _aElsevier
_bNew Delhi
_c2011
300 _axv;668
_b510
650 _aMICROPROCESSOR
999 _c182460
_d182460